00979cam a2200265 a 4500003000500000005001700005008004100022010001000063011001000073035001100083040000900094082002000103111014800123245006600271260007800337300002000415500003200435650002700467650004200494650003100536650004600567650004300613650003000656650002700686CHAP20220329142921.0050221s1999 mx a r 10000 spa d a89630 a90602 a101158 cCHAP04a719.36bT3 199900aTaller Internacional sobre Conservación y Manejo de Fauna Silvestre en el Noreste de México y Sur de Texas (n4 :d1999 :cSaltillo, Coah.)10aMemoriasc/por Universidad Autónoma Agraria "Antonio Narro" aSaltillo, Coah. :bUniversidad Autónoma Agraria "Antonio Narro",c1999. a300 p. :bilus. aEd. en español e inglés04aEducación ambiental.04aRecursos naturalesxAdministración.04aVida silvestrexCongresos.04aVida silvestrexConservaciónzMéxico.04aVida silvestrexConservaciónzTexas.04aVida silvestrezMéxico.04aVida silvestrezTexas.